02522pam a22004331i 4500001001900000003000600019005001700025006001900042007001500061008004100076015001900117020001800136035002500154035002100179035001800200037004800218040004600266041000800312042001100320100003300331245007400364264003600438300004000474490003100514500001300545520085000558540017001408588005601578650004001634650003901674651006301713655002701776700006401803700004001867700004201907942000801949952011601957999001502073991012717489707026UkOxU20250625113846.0m || d | cr |||||||||||200803s2020 enk o 000|f|eng|d aGBC0D60922bnb a9780241463321 a022259643-44oxf_inst a(UkOxU)022259643 a(Uk)019930352 aPenguinBooksLtd486382bIngram Content Group aStDuBDSbengerdaepncStDuBDSdUkdUkOxU aeng aukblsr aHardy, Thomaseauthor92556900aFar from the madding crowdc/ adapted from the novel by Thomas Hardy. 1aLondon :bPenguin Books,c2020. a95 pages :billustrations ;c20 cm. aPenguin readers ;vLevel 5 aLevel 5. aWith carefully adapted text, new illustrations, language practise activities and additional online resources, the Penguin Readers series introduces language learners to bestselling authors and compelling content. Titles include popular classics, exciting contemporary fiction, and thought-provoking non-fiction. Far from the Madding Crowd, a Level 5 Reader, is B1 in the CEFR framework. The text is made up of sentences with up to four clauses, introducing present perfect continuous, past perfect, reported speech and second conditional. It is well supported by illustrations, which appear regularly. Bathsheba Everdene is young and beautiful. She has her own farm and she likes to do things her way. Three men are in love with her - a poor shepherd, a rich farmer and a soldier. Which man will she choose, and will he be the right one for her? aRestricted: Printing from this resource is governed by The Legal Deposit Libraries (Non-Print Works) Regulations (UK) and UK copyright law currently in force.5UkOxU aDescription based on CIP data; resource not viewed. 0aManners and customsvFiction925571 0aFarm lifezEnglandvFiction925572 0aDorset (England)xSocial life and customs vFiction925570 0aReaders (Adult)922484 aHardy, Thomasd1840-1928tFar from the madding crowd925573 aCollins, Anned1952-925574eauthor aGrott, Isabellad1985-925575eauthor 2lcc 00102lcc4070aTBSbTBSd2025-06-25l2oREADER-EN HARpB07576r2026-04-23s2026-02-26t1w2025-06-25yENGLISH c4790d4790